Podnikanie v preprave nadrozmerných a nadmerných nákladov cestnou dopravou
Podnikanie v preprave. Realizácia požiadaviek na prepravu hmotnostne a rozmerovo nadlimitných nákladov. Problematika hmotnostných a rozmerových obmedzení cestných vozidiel. Vnútroštátna cestná preprava nadlimitných nákladov. Medzinárodné prepravy nadlimitných zásielok cestnou dopravou. Využitie prog...
Enregistré dans:
| Auteur principal: | |
|---|---|
| Format: | Chapitre de livre |
| Langue: | slovaque |
| Sujets: | |
| Tags: |
Pas de tags, Soyez le premier à ajouter un tag!
|
MARC
| LEADER | 00000naa a2200000 4500 | ||
|---|---|---|---|
| 001 | r016620 | ||
| 005 | 20221213095531.0 | ||
| 041 | 0 | |a slo | |
| 044 | |a SK | ||
| 245 | 1 | 0 | |a Podnikanie v preprave nadrozmerných a nadmerných nákladov cestnou dopravou |c Jozef Gnap |
| 520 | |a Podnikanie v preprave. Realizácia požiadaviek na prepravu hmotnostne a rozmerovo nadlimitných nákladov. Problematika hmotnostných a rozmerových obmedzení cestných vozidiel. Vnútroštátna cestná preprava nadlimitných nákladov. Medzinárodné prepravy nadlimitných zásielok cestnou dopravou. Využitie progresívnych informačných technológií pre trasovanie ťažkej a nadrozmernej prepravy. | ||
| 610 | 2 | 0 | |a preprava |
| 610 | 2 | 0 | |a podnikanie |
| 610 | 2 | 0 | |a doprava cestná nákladná |
| 610 | 2 | 0 | |a vybavenosť technická |
| 100 | 1 | |a Gnap, Jozef | |